Statistiques concernant Culture Générale - Série 498

Cliquez ici pour prendre le quiz!

Statistiques générales

  • Ce quiz a été pris 184 fois
  • Le résultat moyen est 5 sur 10

Statistiques - réponses

QuestionRéponse% Correct
Au billard, quelle couleur désigne le dé de craie qui facilite l'adhérence de la queue sur la boule ?bleu
79%
Au blackjack, combien de points vaut une dame ?10
77%
Aux Etats-Unis, quel nom porte le site qui abrite les visages de quatre présidents taillés dans la roche ?Le mont Rushmore
77%
Quel parti politique, fondé par Jacques Chirac, a été dissous en 2002 pour laisser place à l'UMP ?RPR
66%
Qui a été le seul président par interim de la 5e République ?Alain Poher
41%
Que signifie la lettre A, si, sur une enveloppe postale, il est inscrit le sigle NPAI ?Adresse
40%
Comment sont "les paradis" d'après le titre d'un essai de Charles Baudelaire ?Artificiels
36%
A quelle série télévisée appartiennent les inspecteurs Pujol et Terrasson ?Les Brigades du Tigre
26%
Qui chante le titre "Bopper en larmes" en 1983 ?Laurent Voulzy
23%
Qui chante "Sucré, salé" en 1992 ?Zazie
4%

Distribution des résultats

Percentile par nombre de réponses

% des personnes avec chaque résultat

Votre développement - résultats

Vous n’avez pas pris ce quiz